00503nam a2200193Ia 4500001000700000003000500007008004100012010001100053040000900064082001600073100002300089245004500112260006200157300001100219440000500230500004400235503001300279650001700292Z_2517CHAP220113s1978 xx 000 0 und d a165574 cCHAP a574.192 B6y aBohinski, Robert C aBioquímica /cpor Robert C. Bohinski aMéxico, D. F. :bFondo Educativo Interamericano,c1978 a667 p. a aTrad. De : la 2 ed. En inglés de 1976 a135681-2 aBioquímica